LEADER 01301nam2-2200373---450- 001 990003524120203316 005 20110422104735.0 010 $a978-88-13-30565-9 035 $a000352412 035 $aUSA01000352412 035 $a(ALEPH)000352412USA01 035 $a000352412 100 $a20110422d2010----km-y0itay50------ba 101 $aita 102 $aIT 105 $a||||||||001yy 200 1 $a<> <> custodia e l'amministrazione. L'accertamento del passivo. La liquidazione e la ripartizione dell'attivo. La chiusura del fallimento$fAmedeo Bassi...[et al.] 210 $aPadova$cCedam$d2010 215 $aXIV, 705 p.$d24 cm 410 0$12001 454 1$12001 461 1$1001000343112$12001$aTrattato di diritto fallimentare 606 0 $aFallimento$xLegislazione$2BNCF 676 $a346.45078 700 1$aBASSI,$bAmedeo$0115760 801 0$aIT$bsalbc$gISBD 912 $a990003524120203316 951 $aXXV.3.K. 196 3$b71003 G.$cXXV.3.K. 196$d00296153 959 $aBK 969 $aGIU 979 $aFIORELLA$b90$c20110422$lUSA01$h1028 979 $aFIORELLA$b90$c20110422$lUSA01$h1047 996 $aCustodia e l'amministrazione. L'accertamento del passivo. La liquidazione e la ripartizione dell'attivo. La chiusura del fallimento$91113383 997 $aUNISA LEADER 01120nam--2200349---450- 001 990003495840203316 005 20110214144643.0 035 $a000349584 035 $aUSA01000349584 035 $a(ALEPH)000349584USA01 035 $a000349584 100 $a20110214d1932----km-y0itay50------ba 101 $aita 102 $aIT 105 $aa---||||001yy 200 1 $aCompendio di semiotica chirurgica$fLeonardo Dominici$gprefazione del Prof. Roberto Alessandri alla 1 ed. 205 $a2 ed. agg. 210 $aRoma$cCasa Editrice Luigi Pozzi$d1932 215 $a466 p.$cill.$d25 cm 300 $aSul front.: Seconda edizione aggiornata e notevolmente ampliata con 216 figure in nero ed in tricromia intercalare nel testo 606 0 $aChirurgia$2BNCF 676 $a617 700 1$aDOMINICI,$bLeonardo$0448107 702 1$aALESSANDRI,$bRoberto 801 0$aIT$bsalbc$gISBD 912 $a990003495840203316 951 $aFDC 99$b618 Med.$cFDC 959 $aBK 969 $aMED 979 $aCIANATIEMP$b90$c20110214$lUSA01$h1446 996 $aCompendio di semiotica chirurgica$91111254 997 $aUNISA LEADER 01490cam0-2200385---450- 001 990003522000203316 005 20110916111942.0 010 $a978-88-387-5459-4 035 $a000352200 035 $aUSA01000352200 035 $a(ALEPH)000352200USA01 035 $a000352200 100 $a20110414d2010----|||h0itay0103----ba 101 0 $aita 102 $aIT 105 $a||||||||001yy 200 1 $aManuale delle s.r.l.$eCostituzionee e gestione ordinaria...$eaggiornato con: le novità su: Comunicazione Unica d'impresa, abolizione del libro soci, revisione legale e collegio sindacale (D.Lgs. 27 gennaio 2010, n. 39), deposito bilanci in formato XBRL, diritto annuale per iscrizione nel Registro imprese$fCinzia De Stefanis, Antonio Quercia 210 $aSantarcangelo di Romagna$cMaggioli$d2010 215 $a459 p.$d24 cm$e1 CD-ROM 225 2 $aProfessionisti & imprese$iSocietà$v162 410 0$12001$aProfessionisti & Imprese$iLavoro$v, 162 606 0 $aSocietà a responsabilità limitata 676 $a346.450668 700 1$aDE STEFANIS,$bCinzia$0267953 701 1$aQUERCIA,$bAntonio$0524401 801 $aIT$bSALBC$gISBD 912 $a990003522000203316 951 $aXXV.3.E. 623$b18981 G.$cXXV.3.E.$d00295893 959 $aBK 969 $aGIU 979 $aFIORELLA$b90$c20110414$lUSA01$h1207 979 $aFIORELLA$b90$c20110414$lUSA01$h1213 979 $aANDRIA$b90$c20110916$lUSA01$h1119 996 $aManuale delle s.r.l$91514356 997 $aUNISA LEADER 02350nas 2200649-a 450 001 996215274103316 005 20240206165307.0 011 $a1911-0219 035 $a(DE-599)ZDB2134502-8 035 $a(OCoLC)60629796 035 $a(CKB)111074810460002 035 $a(CONSER)--2007247580 035 $a(EXLCZ)99111074810460002 100 $a20050614a20039999 s-- - 101 0 $aeng 135 $aurunu|||||||| 181 $ctxt$2rdacontent 182 $cc$2rdamedia 183 $acr$2rdacarrier 200 10$aCanadian journal of criminology and criminal justice =$eRevue canadienne de criminologie et justice pénale 210 $aOttawa $cCanadian Criminal Justice Association 210 3 $a[Toronto] $cUniversity of Toronto Press 215 $a1 online resource 300 $aRefereed/Peer-reviewed 300 $aSome numbers issued as special issues. 311 $a1707-7753 517 3 $aRevue canadienne de criminologie et de justice pénale 517 1 $aCJCCJ 517 1 $aRCCJP 517 1 $aCanadian J. Criminology & Crim. Just 531 $aCAN J CRIMINOL CRIM 531 $aCAN. J. CRIMINOL. CRIM. JUSTICE 606 $aCriminology$zCanada$vPeriodicals 606 $aCrime prevention$zCanada$vPeriodicals 606 $aCriminal justice, Administration of$zCanada$vPeriodicals 606 $aCriminals$xRehabilitation$zCanada$vPeriodicals 606 $aCrime prevention$2fast$3(OCoLC)fst00883055 606 $aCriminal justice, Administration of$2fast$3(OCoLC)fst00883246 606 $aCriminals$xRehabilitation$2fast$3(OCoLC)fst00883537 606 $aCriminology$2fast$3(OCoLC)fst00883566 607 $aCanada$2fast$1https://id.oclc.org/worldcat/entity/E39PBJkMHVW4rfVXPrhVP4VwG3 608 $aPeriodical 608 $aPeriodicals.$2fast 608 $aPeriodicals.$2lcgft 615 0$aCriminology 615 0$aCrime prevention 615 0$aCriminal justice, Administration of 615 0$aCriminals$xRehabilitation 615 7$aCrime prevention. 615 7$aCriminal justice, Administration of. 615 7$aCriminals$xRehabilitation. 615 7$aCriminology. 712 02$aCanadian Criminal Justice Association. 906 $aJOURNAL 912 $a996215274103316 996 $aCanadian journal of criminology and criminal justice$92137887 997 $aUNISA